Comuni della Provincia del Sud Sardegna - Statistics

Statistiche generali
  • Questo quiz è stato fatto 77 volte
  • Il punteggio medio è 47 su 107
Statistiche sulle risposte
Comune % Corretto
Carbonia
88%
Iglesias
88%
Sant'Antioco
76%
Arbus
70%
Guspini
70%
Teulada
70%
Gonnosfanadiga
67%
Muravera
67%
Sanluri
67%
Villacidro
67%
Calasetta
64%
Carloforte
64%
Nuxis
61%
San Gavino Monreale
61%
Siliqua
61%
Narcao
58%
Portoscuso
58%
Villamassargia
58%
Barumini
55%
Domusnovas
55%
Sardara
55%
Villasimius
55%
Villasor
55%
Isili
52%
Piscinas
52%
Samassi
52%
San Giovanni Suergiu
52%
Santadi
52%
Vallermosa
52%
Giba
48%
Gonnesa
48%
Mandas
48%
Monastir
48%
Nurri
48%
Pabillonis
48%
Ussana
48%
Villaputzu
48%
Castiadas
45%
Domus de Maria
45%
Escalaplano
45%
Gesturi
45%
Nuraminis
45%
Sant'Anna Arresi
45%
Senorbi
45%
Serrenti
45%
Villaspeciosa
45%
Armungia
42%
Ballao
42%
Burcei
42%
Fluminimaggiore
42%
Furtei
42%
Masainas
42%
Musei
42%
Orroli
42%
Perdaxius
42%
Villamar
42%
Villanova Tulo
42%
Villaperuccio
42%
Villasalto
42%
Buggerru
39%
Decimoputzu
39%
Dolianova
39%
Donori
39%
Sadali
39%
San Sperate
39%
Serramanna
39%
Turri
39%
Villanovaforru
39%
Collinas
36%
Gergei
36%
Gesico
36%
Las Plassas
36%
Lunamatrona
36%
Nurallao
36%
San Vito
36%
Serdiana
36%
Serri
36%
Siurgus Donigala
36%
Ussaramanna
36%
Genoni
33%
Genuri
33%
Guasila
33%
San Nicolò Gerrei
33%
Sant'Andrea Frius
33%
Tratalias
33%
Escolca
30%
Esterzili
30%
Ortacesus
30%
Selegas
30%
Seulo
30%
Soleminis
30%
Suelli
30%
Tuili
30%
Villanovafranca
30%
Goni
27%
Guamaggiore
27%
Samatzai
27%
Seui
27%
Siddi
27%
Barrali
24%
Nuragus
24%
San Basilio
24%
Setzu
24%
Silius
24%
Pimentel
21%
Segariu
21%
Pauli Arbarei
15%
Nessun quiz corrispondente trovato
Distribuzione punteggi
Percentuale di utenti per punteggio
Percentile per numero di risposta
I tuoi punteggi nel tempo
Non hai fatto questo quiz